000 00700nam a2200253Ia 4500
003 OSt
005 20220918223806.0
006 a|||||r|||| 00| 0
007 ta
008 220917b |||||||| |||| 00| 0 eng d
024 _a225,160
037 _cTextual
040 _aARTS
_cARTS
_beng
041 _2eng
_aeng
082 _aY15:45.3, N6
100 _aMullender Audrey
_9146662
245 0 _aRethinking domestic violence
_b The social work and probation response
260 _aLondon
_bRoutledge
_c1996
300 _aviii, 317p.
_ccm.
500 _aRep. of 1999
650 _aSOCIOLOGY
942 _hY15:45.3, N6
_cTEXL
_2CC
999 _c279479
_d279479